000 00311nam a22001337a 4500
008 170608b xxu||||| |||| 00| 0 eng d
020 _a0877226555
041 _aeng
080 _a32
100 _a18
101 _aSHP
245 _aSOLIDARIYT AND THE POLITICS OF ANTI POLITICS
_cOST .D
942 _2udc
_cBK
999 _c16572
_d16572